banner-ar

CURRENT ISSUES IN FINANCIAL AND MONETARY ECONOMICS / (Record no. 23701)

MARC details
000 -الفاتح
حقل البيانات ثابتة الطول 00497nam a2200181Ia 4500
008 - عناصر البيانات ثابتة الطول - معلومات عامة
حقل البيانات ثابتة الطول 140319s9999 xx 000 0 eng d
040 ## - مصدر الفهرسة
وكالة الفهرسة الأصلية GCL /
وكالة النسخ GCL
082 04 - رقم تصنيف ديوى العشرى
رقم التصنيف 332
رقم المادة D C
100 1# - المدخل الرئيسى - إسم شخصى
الإسم الشخصى DOWD,KEVIN
245 10 - بيان العنوان
العنوان CURRENT ISSUES IN FINANCIAL AND MONETARY ECONOMICS /
بيان المسئوليه,etc DOWD,KEVIN
700 1# - المدخل الاضافى - اسم شخصى
الإسم الشخصى LEWIS, MERVYN K
260 ## - PUBLICATION, DISTRIBUTION, ETC. (IMPRINT)
تاريخ النشر أو التوزيع 1992
300 ## - الوصف المادى
التعداد 232 P
650 04 - المدخل الاضافى بالموضوع-مصطلح موضوعى
مصطلح موضوعي FINANCIAL ECONOMICS
650 04 - المدخل الاضافى بالموضوع-مصطلح موضوعى
مصطلح موضوعي MONETARY ECONOMICS
942 ## - عناصر المدخل الإضافي( كوها)
مصدر التصنيف او مخطط الترفيف Dewey Decimal Classification
Koha [default] item type كتاب
260 ## - PUBLICATION, DISTRIBUTION, ETC. (IMPRINT)
-- [S.N] :
-- MACMILLAN EDUCATION L TD ،
Holdings
حالة التراجع حالة الفقد حالة تلف ليس للاعارة المكان المؤقت الموقع الحالى تاريخ الاكتساب اجمالي اﻻعارات رقم الطلب الباركود تاريخ اخر مشاهدة تاريخ تفعيل السعر نوع وعاء كوها
        مكتبة القاهرة الكبرى مكتبة القاهرة الكبرى 03/26/2014   332\D C 42210 03/26/2014 03/26/2014 كتاب
        مكتبة القاهرة الكبرى مكتبة القاهرة الكبرى 03/26/2014   332\D C 42211 03/26/2014 03/26/2014 كتاب

Powered By

EGPV